Daňová politika a jej vplyv na efektívny výber daní a elimináciu daňových únikov vybrané aspekty

Gespeichert in:
Bibliographische Detailangaben
1. Verfasser: Kušnírová, Jana, 1977-
Weitere Verfasser: Rabatinová, Marcela, 1977-, Válek, Juraj, 1981-, Schultzová, Anna, David, Petr, Bednáriková, Dagmar
Format: Buch
Sprache:Slowakisch
Veröffentlicht: Praha Wolters Kluwer 2017
Ausgabe:1. vyd.
Schlagworte:
Tags: Tag hinzufügen
Keine Tags, Fügen Sie das erste Tag hinzu!

MARC

LEADER 00000nam a2200000 4500
001 0239313
005 20240502083642.3
020 |a 978-80-7552-900-8 
041 0 |a slo 
044 |a CZ 
245 1 0 |a Daňová politika a jej vplyv na efektívny výber daní a elimináciu daňových únikov  |b vybrané aspekty  |c Jana Kušnírová, Marcela Rabatinová, Juraj Válek ; recenzenti: Anna Schultzová, Petr David, Dagmar Bednáriková 
250 |a 1. vyd. 
264 1 |a Praha  |b Wolters Kluwer  |c 2017 
300 |a 352 s. [21,2 AH] 
610 2 0 |a politika daňová 
610 2 0 |a zdaňovanie 
610 2 0 |a únik daňový 
610 2 0 |a dane z hodnoty pridanej 
610 2 0 |a dane z príjmov 
610 2 0 |a dane spotrebné 
610 2 0 |a Európska únia 
610 2 0 |a Slovensko 
100 1 |a Kušnírová, Jana, 1977- 
700 1 |a Rabatinová, Marcela, 1977- 
700 1 |a Válek, Juraj, 1981- 
700 1 |a Schultzová, Anna 
700 1 |a David, Petr 
700 1 |a Bednáriková, Dagmar